Dead Right (Record no. 28932)

MARC details
000 -LEADER
fixed length control field 00410nam a2200181Ia 4500
020 ## - INTERNATIONAL STANDARD BOOK NUMBER
ISBN 0-465-09820-7
050 ## - CALL MARK
Classification number JC573.2.U6F78
100 ## - STATEMENT OF RESPONSIBILITY--MAIN AUTHOR NAME
Personal name David Frum
245 #0 - TITLE STATEMENT
Title Dead Right
260 ## - PUBLICATION, DISTRIBUTION, ETC. (IMPRINT)
Place of publication New York
260 ## - PUBLICATION, DISTRIBUTION, ETC. (IMPRINT)
Name of publisher Basic Book
260 ## - PUBLICATION, DISTRIBUTION, ETC. (IMPRINT)
Year of publication 1994
300 ## - PHYSICAL DESCRIPTION
Number of Pages 219 p
650 ## - SUBJECT ADDED ENTRY--TOPICAL TERM
Topical Term Conservatism - United States
942 ## - ADDED ENTRY ELEMENTS (KOHA)
Koha item type Books
Holdings
Withdrawn status Lost status Source of classification or shelving scheme Damaged status Not for loan Permanent Location Current Location Date acquired Accession Number Price effective from Koha item type
    Library of Congress Classification     NILE UNIVERSITY OF NIGERIA - MAIN LIBRARY NILE UNIVERSITY OF NIGERIA - MAIN LIBRARY 04/23/2025 0004487 04/23/2025 Books